00721nam a2200193 i 450000100060000000300090000600500170001500700030003200800410003510000530007624501030012925000150023226000490024730000220029670000340031885200320035299900170038495201260040169599ES-MaACL20230906170546.0t|040708s1959 sp ||||1| spa d1 aGarcía de Eulate Luna, José Julián.95442814aLas cartas del Sargento Basilio / cJosé Julián García de Eulate Luna, José García Luna. a[1ª ed.]. aBarcelona : bPentágono, c[1959] (fGasa) a268 p. ; c17 cm.1 aGarcía Luna, José.954867 aES-MaACLjC-17100 bR.44088 c69599d69599 00104070aATENEOMbATENEOMcGaleríad2008-01-17eSCl0oC-17100p1072879r2023-02-23 00:00:00w2023-02-23yMONOGRAFIA